Criterios para la elaboración del plan museológico (Record no. 10968)

MARC details
000 -CABECERA
campo de control de longitud fija 00951nam a22002537a 4500
001 - NÚMERO DE CONTROL
campo de control BRCA_9346
003 - IDENTIFICADOR DEL NÚMERO DE CONTROL
campo de control FranzMayer
005 - FECHA Y HORA DE LA ÚLTIMA TRANSACCIÓN
campo de control 20230918121356.0
008 - DATOS DE LONGITUD FIJA--INFORMACIÓN GENERAL
campo de control de longitud fija 230825b |||||||| |||| 00| 0 eng d
020 ## - NÚMERO INTERNACIONAL ESTÁNDAR DEL LIBRO
Número Internacional Estándar del Libro 8481812951
040 ## - FUENTE DE LA CATALOGACIÓN
Centro catalogador/agencia de origen MFM
Lengua de catalogación español
Centro/agencia transcriptor MFM
050 #0 - SIGNATURA TOPOGRÁFICA DE LA BIBLIOTECA DEL CONGRESO
Número de clasificación AM121
Número de documento/Ítem M56 2006
110 1# - ENTRADA PRINCIPAL--NOMBRE DE ENTIDAD CORPORATIVA
Código de función/relación Responsable
Nombre de entidad corporativa o nombre de jurisdicción como elemento de entrada Ministerio de cultura de España
Unidad subordinada Museos estatales
9 (RLIN) 29246
240 ## - TÍTULO UNIFORME
Título uniforme Criterios para la elaboración del plan museológico
Lenguaje de la obra español
245 0# - MENCIÓN DE TÍTULO
Título Criterios para la elaboración del plan museológico
260 ## - PUBLICACIÓN, DISTRIBUCIÓN, ETC.
Lugar de publicación, distribución, etc. España
Nombre del editor, distribuidor, etc. Julio Soto Impresor
Fecha de publicación, distribución, etc. 2006
300 ## - DESCRIPCIÓN FÍSICA
Extensión 189 p
Otras características físicas Ilustraciones a color
Dimensiones 21 cm
500 ## - NOTA GENERAL
Nota general Anexo 1
505 ## - NOTA DE CONTENIDO CON FORMATO
Nota de contenido con formato Texto en: españolIncluye índice temáticoIncluye listado de obrasDirigido a: museógrafos
650 1# - PUNTO DE ACCESO ADICIONAL DE MATERIA--TÉRMINO DE MATERIA
Fuente del encabezamiento o término Museos
Término de materia o nombre geográfico como elemento de entrada Colecciones y exposiciones
9 (RLIN) 29247
651 2# - PUNTO DE ACCESO ADICIONAL DE MATERIA--NOMBRE GEOGRÁFICO
Fuente del encabezamiento o término Museología
Nombre geográfico Métodos y técnicas
Subdivisión de forma Planes museológicos
9 (RLIN) 29248
856 ## - LOCALIZACIÓN Y ACCESO ELECTRÓNICOS
Especificación de materiales https:www.mcu.es
942 ## - ELEMENTOS DE PUNTO DE ACCESO ADICIONAL (KOHA)
Fuente del sistema de clasificación o colocación Library of Congress Classification
Tipo de ítem Koha Libros
Holdings
Estado de retiro Estado de pérdida Fuente del sistema de clasificación o colocación Estado dañado No para préstamo Código de colección Localización permanente Ubicación/localización actual Fecha de adquisición Total de préstamos Signatura topográfica completa Código de barras Fecha visto por última vez Precio válido a partir de Tipo de ítem Koha
El ejemplar forma parte de la colección y puede ser consultado según las políticas vigentes.   Library of Congress Classification     Fondo Contemporáneo Biblioteca del Museo Franz Mayer (Rogerio Casas-Alatriste) Biblioteca del Museo Franz Mayer (Rogerio Casas-Alatriste) 25/08/2023   AM121 M56 2006 CONT10102 25/08/2023 25/08/2023 Libros